| 000 | 00617nam a2200205 i 4500 | ||
|---|---|---|---|
| 001 | 59774 | ||
| 003 | ES-MaACL | ||
| 005 | 20250804062531.0 | ||
| 007 | t| | ||
| 008 | 031030s1972 sp ||||1| spa d | ||
| 100 | 1 |
_aEngelmann, Bernt. _947222 |
|
| 245 | 1 | 4 |
_aLos traficantes de armas / _cBernt Engelmann ; [traductor: Federico Latorre]. |
| 260 |
_aMadrid : _bAlianza, _c[1972] |
||
| 300 |
_a207 p. ; _c18 cm. |
||
| 490 | 1 |
_aEl libro de bolsillo ; _v382 |
|
| 700 | 1 |
_aLatorre, Federico. _970529 |
|
| 830 | 0 | 3 |
_aEl libro de bolsillo _v382 _9177802 |
| 852 |
_aES-MaACL _jC-46498 _bR.82008 |
||
| 999 |
_c59774 _d59774 |
||